Presidents of Uzbekistan by Picture - Statistics

General Stats
  • This quiz has been taken 10 times
  • The average score is 8 of 15
Answer Stats
Picture Hint Answer % Correct
1989-2016 Islam Karimov
100%
2016-Present Shavkat Mirziyoyev
89%
2016 Nigmatilla Yuldashev
56%
1959-1983 Sharof Rashidov
56%
1929-1937 Akmal Ikramov
44%
1953-1955 Amin Niyazov
44%
1983-1988 Inomjon Usmonxo'jayev
44%
1929 Isaak Zelensky
44%
1927-1929 Kuprian Kirkizh
44%
1929 Nikolai Gikalo
44%
1955-1957 Nuritdin Mukhitdinov
44%
1988-1989 Rafiq Nishonov
44%
1957-1959 Sobir Kamolov
44%
1937-1953 Usman Yusupov
44%
1925-1927 Vladimir Ivanov
44%
No matching quizzes found
Score Distribution
Percent of People with Each Score
Percentile by Number Answered
Your Score History
You have not taken this quiz